000 00781nam a2200253 a 4500
999 _c382
_d382
001 382
003 BD-JhCC
005 20180421171928.0
008 171004s1986 bg |||| ||a| 000 0 ben d
020 _a9844102812
035 _a(BD-JhCC)382
040 _aBD-JhCC
_dBD-JhCC
041 _aben
082 _a891.4435
_bGIB 1986
_223
100 _aজিবরান, খলিল
245 _aশয়তান /
_c খলিল জিবরান, বেলাল মোহাম্মদ (অনু.)
260 _aঢাকা :
_bমাওলা ব্রাদার্স,
_c1996.
300 _a48 p. :
_c22 cm.
650 _aShort Stories, Bengali
651 _aBangladesh
700 _aমোহাম্মদ, বেলাল
942 _2ddc
_cBK